[Event "GER-ch38 V10 email"]
[Site "GER email"]
[Date "2006.05.02"]
[Round "?"]
[White "Bartsch, Gerhard"]
[Black "Amann, Hubert"]
[Result "1/2-1/2"]
[WhiteElo "2343"]
[BlackElo "2414"]
[PlyCount "60"]
[EventDate "2006.??.??"]
[EventType "tourn (corr)"]
[EventRounds "8"]
[EventCountry "GER"]
[SourceTitle "Corr 2011"]
[Source "ChessBase"]
[SourceDate "2010.08.31"]
[SourceVersion "1"]
[SourceVersionDate "2010.08.31"]
[SourceQuality "1"]

1. d4 d5 2. c4 e6 3. Nc3 c6 4. Nf3 dxc4 5. a4 Bb4 6. e3 b5 7. Bd2 a5 8. axb5 Bxc3 9. Bxc3 cxb5 10. b3 Bb7 11. d5 Nf6 12. bxc4 b4 13. Bxf6 Qxf6 14. Qa4+ Nd7 15. Nd4 Qe7 16. Qb5 Rb8 17. Qxa5 0-0 18. Rb1 Ba8 19. Be2 exd5 20. cxd5 Rfc8 21. Bg4 Qe4 22. Bf5 Qxg2 23. Rf1 Nc5 24. Bxc8 Rxc8 25. Rd1 Bb7 26. d6 Ba6 27. Nb5 Qb7 28. d7 Nxd7 29. Nd6 Qc6 30. Nxc8 Qc3+ 1/2-1/2

[Event "GER-ch38 V10 email"]
[Site "GER email"]
[Date "2006.05.02"]
[Round "?"]
[White "Bartsch, Gerhard"]
[Black "Bergmann, Michael"]
[Result "1-0"]
[WhiteElo "2343"]
[BlackElo "2397"]
[PlyCount "107"]
[EventDate "2006.??.??"]
[EventType "tourn (corr)"]
[EventRounds "8"]
[EventCountry "GER"]
[SourceTitle "Corr 2011"]
[Source "ChessBase"]
[SourceDate "2010.08.31"]
[SourceVersion "1"]
[SourceVersionDate "2010.08.31"]
[SourceQuality "1"]

1. d4 d5 2. c4 c6 3. Nf3 Nf6 4. Nc3 dxc4 5. a4 Bf5 6. Ne5 Nbd7 7. Nxc4 Nb6 8. Ne5 a5 9. f3 Nfd7 10. Nxd7 Nxd7 11. e4 Bg6 12. Be3 e6 13. Bc4 Bb4 14. 0-0 0-0 15. Qb3 Qc7 16. Rad1 Bd6 17. f4 Bb4 18. f5 exf5 19. exf5 Bh5 20. Rd3 Rae8 21. h3 Nf6 22. Bf4 Bd6 23. Bxd6 Qxd6 24. Qc2 Re7 25. Qf2 Qb4 26. Ba2 Rd8 27. g4 Bxg4 28. hxg4 Nxg4 29. Qh4 Nf6 30. Kh1 Kf8 31. Rg1 Rd6 32. Rg2 Ne8 33. Qf2 Rh6+ 34. Kg1 Rh5 35. Rdg3 Rh4 36. Rxg7 Nxg7 37. f6 Re1+ 38. Qxe1 Qxd4+ 39. Qf2 Ne8 40. Qxd4 Rxd4 41. Rf2 Rd6 42. Ne4 Rd4 43. Bb1 Rxa4 44. Nc5 Rg4+ 45. Kf1 Rd4 46. Bxh7 b5 47. Ke2 Rd5 48. Ne4 Nd6 49. Kf3 Nc4 50. Kf4 Ke8 51. b3 Nb6 52. Bf5 Nd7 53. Rg2 Kf8 54. Rc2 1-0

[Event "GER-ch38 V10 email"]
[Site "GER email"]
[Date "2006.05.02"]
[Round "?"]
[White "Blank, Wolfgang"]
[Black "Bartsch, Gerhard"]
[Result "1/2-1/2"]
[WhiteElo "2204"]
[BlackElo "2343"]
[PlyCount "93"]
[EventDate "2006.??.??"]
[EventType "tourn (corr)"]
[EventRounds "8"]
[EventCountry "GER"]
[SourceTitle "Corr 2011"]
[Source "ChessBase"]
[SourceDate "2010.08.31"]
[SourceVersion "1"]
[SourceVersionDate "2010.08.31"]
[SourceQuality "1"]

1. e4 g6 2. d4 Bg7 3. Nf3 d6 4. Bc4 Nf6 5. Qe2 c6 6. Bb3 0-0 7. 0-0 a5 8. a4 b6 9. Rd1 Ba6 10. Qe1 Nbd7 11. Nc3 e6 12. Bf4 Qc7 13. Qe3 e5 14. Bg3 Nh5 15. d5 c5 16. Bh4 h6 17. Nd2 c4 18. Ba2 g5 19. Bg3 Rac8 20. Qe2 Nf4 21. Bxf4 exf4 22. h4 Ne5 23. Nf3 Qd8 24. Nd4 Qf6 25. Qh5 g4 26. Qf5 Qxh4 27. Qxf4 Ng6 28. Qh2 Qxh2+ 29. Kxh2 Be5+ 30. Kg1 h5 31. Nf5 Rc7 32. Ne2 Bc8 33. Ne3 Bxb2 34. Rab1 c3 35. Ng3 Bd7 36. Ngf5 Bxa4 37. Nxd6 b5 38. Ndf5 b4 39. f3 gxf3 40. gxf3 Rb8 41. Kf2 b3 42. d6 Rc5 43. Bxb3 Bxb3 44. Rh1 Be6 45. Rxh5 Bxf5 46. exf5 Rd8 47. Rd1 1/2-1/2

[Event "GER-ch38 V10 email"]
[Site "GER email"]
[Date "2006.05.02"]
[Round "?"]
[White "Mehlhorn, Uwe"]
[Black "Bartsch, Gerhard"]
[Result "1-0"]
[WhiteElo "2439"]
[BlackElo "2343"]
[PlyCount "111"]
[EventDate "2006.??.??"]
[EventType "tourn (corr)"]
[EventRounds "8"]
[EventCountry "GER"]
[SourceTitle "Corr 2011"]
[Source "ChessBase"]
[SourceDate "2010.08.31"]
[SourceVersion "1"]
[SourceVersionDate "2010.08.31"]
[SourceQuality "1"]

1. Nf3 Nf6 2. c4 e6 3. d4 b6 4. g3 Ba6 5. Nbd2 Bb4 6. Qc2 Bb7 7. Bg2 Be4 8. Qb3 Bxd2+ 9. Bxd2 0-0 10. 0-0 d6 11. Rfd1 Nbd7 12. Rac1 Re8 13. Bh3 Qe7 14. Qa3 a5 15. Be3 Rad8 16. Ne1 Bf5 17. Bg2 e5 18. c5 dxc5 19. dxc5 Be4 20. cxb6 Qxa3 21. bxa3 cxb6 22. Bh3 Nd5 23. Bg5 f6 24. Bd2 Nf8 25. f3 Bg6 26. e4 Ne7 27. Be3 Rb8 28. Bf1 Ne6 29. Rd6 Nc8 30. Rdc6 Bf7 31. Ba6 Nd4 32. Bxd4 Ne7 33. Bxb6 Nxc6 34. Rxc6 Re6 35. Rxe6 Bxe6 36. Bc7 Ra8 37. Bd3 Bxa2 38. Kf2 a4 39. Bd6 Rc8 40. Bb5 Bb3 41. f4 exf4 42. gxf4 Kf7 43. Ke3 Rc3+ 44. Kd4 Rc1 45. Bb4 g6 46. e5 Rd1+ 47. Ke4 h6 48. Nf3 fxe5 49. fxe5 Bd5+ 50. Ke3 Ke6 51. Ne1 Bb3 52. Nd3 Rh1 53. Kd4 Kf7 54. Nc5 Rxh2 55. Nxb3 axb3 56. Bc4+ 1-0